Исследование метода радиационной дефектоскопии с использованием протонов средних энергий: диссертация на соискание ученой степени кандидата технических наук; Спец. 05.02.11

Dades bibliogràfiques
Autor principal: Лукин А. Л. Анатолий Леонтьевич
Autor corporatiu: Томский политехнический институт
Altres autors: Кононов Б. А. (научный руководитель)
Idioma:rus
Publicat: Томск, [Б. и.], 1981
Matèries:
Format: MixedMaterials Llibre
KOHA link:https://koha.lib.tpu.ru/cgi-bin/koha/opac-detail.pl?biblionumber=75080

MARC

LEADER 00000nbm0a2200000 4500
001 75080
005 20231031090233.0
035 |a (RuTPU)RU\TPU\book\80059 
090 |a 75080 
100 |a 20050317d1981 k y0rusy50 ca 
101 0 |a rus 
102 |a RU 
105 |a a m 001zy 
200 1 |a Исследование метода радиационной дефектоскопии с использованием протонов средних энергий  |e диссертация на соискание ученой степени кандидата технических наук  |e Спец. 05.02.11  |f А. Л. Лукин  |g Томский политехнический институт; науч. рук. Б. А. Кононов 
210 |a Томск  |c [Б. и.]  |d 1981 
215 |a 125 л.  |c ил. 
320 |a Библиогр.: с. 117-123 (70 назв.). 
610 1 |a дефектоскопия радиационная 
610 1 |a протоны 
610 1 |a заряженные частицы 
610 1 |a радиография 
610 1 |a контроль 
610 1 |a неразрушающий контроль 
610 1 |a качество 
675 |a 620.179.15(048)  |v 3 
686 |a 05.02.11  |2 oksvnk 
700 1 |a Лукин  |b А. Л.  |g Анатолий Леонтьевич 
702 1 |a Кононов  |b Б. А.  |4 727 
712 0 2 |a Томский политехнический институт  |2 stltpush  |3 (RuTPU)RU\TPU\col\1123 
801 1 |a RU  |b 63413507  |c 20050317  |g PSBO 
801 2 |a RU  |b 63413507  |c 20130613  |g PSBO 
942 |c BK